000 00846nam a2200193Ii 4500
003 JO-AjNU
008 230605s9999||||xx |||||||||||||| ||und||
040 _aJO-AjNU
_bara
_erda
_cJO-AjNU
041 _aara
050 1 4 _aQA76 2017
100 3 _aاعداد محمد ناجح حلاوة، يوسف شاكر الغزاوي؛ اشراف حسن المعيدي,
_eauthor
_958293
245 0 0 _aنظام تاجير المركبات
264 3 1 _aعجلون: جامعة عجلون الوطنيه، 2017
300 _a27ص
_bمشروع تخرج جامعة عجلون الوطنيه ( عجلون ، الاردن) كلية تكنولوجيا المعلومات ، 2017
336 _atext
_btxt
_2rdacontent
337 _aunmediated
_bn
_2rdamedia
338 _avolume
_bnc
_2rdacarrier
650 4 _aتاجير المركبات - نظام حوسبة
_958294
999 _aA26170
_c29738
_d29738